000 01066nam a2200241 a 4500
005 20250429224204.0
008 141201s2013 ck ad gr 000 0 spa d
020 _a9789588524641
040 _aCO-CtgCURN
_bspa
_ccoctgcurn
082 0 4 _a371.2
_bT821
_221
100 1 _aTriana Rubio, Laureano.
245 1 0 _aConstrucción del Proyecto Educativo Institucional, PEI :
_bmodelo de gestión administrativa, contable, financiera y de auditoría para instituciones educativas /
_cLaureano Triana Rubio, Tulio Nel Mendivil Zuñiga.
260 _aBarranquilla :
_bUniversidad Autónoma del Caribe,
_c2013.
300 _a171 páginas :
_bilustraciones, gráficos ;
_c21 cm.
504 _aIncluye referencias bibliográficas (páginas 153-156)
650 4 _aProyecto Educativo Institucional.
650 4 _aGestión y organización escolar.
650 4 _aEducación
_xFinanzas.
650 4 _aEducación
_xCostos.
700 1 _aMendivil Zuñiga, Tulio Nel.
942 _aMHC
_bMHC
_cBK
_h371.2
_iT821
_2ddc
999 _c42163
_d42163